000 00753nam a22002657a 4500
001 46451
003 UA-OsUOA
005 20260126104257.0
007 ta
008 20120222b un ||||| |||| 00| 0 ukr d
020 _a9789662227079
040 _aUA-OsUOA
_bukr
_cUA-OsUOA
_dUA-OsUOA
041 _aukr
080 _a82-32
090 _a82-32
_bВ61
100 _aВовк В.
_92836
245 _aЧар-писанка
_cВіра Вовк
260 _aЛьвів
_bБаК
_c2012
300 _a120 с.
650 7 _a82-32 Оповідання. Новели
_2UDC
_916150
942 _cBK
_2udc
955 _a3
999 _c426534
_d426534